LEADER 01258nam a2200277 4500 001 000000334581 003 CaOOAMICUS 005 20190919093925.0 008 190703s2012 it 000 u ita r 020 $a978-88-7180-983-0 040 $aSeMil$bita 100 1 $aRavasi, Gianfranco,$c.$0(OLS)http://semarc/name/244 245 10$aBeati i poveri in spirito, perché di essi è il regno dei cieli / $cGianfranco Ravasi, Adriano Sofri ; postfazione di Roberto Righetto. 264 1$aTorino :$bLindau,$c2012. 300 $a118 p. ;$c17 cm. 490 1 $aLe beatitudini [Lindau] 650 4$aBibbia - NT - Matteo - Beatitudini.$0(OLS)http://semarc/subject/2750 700 1 $aSofri, Adriano.$0(OLS)http://semarc/name/8119 830 3$aLe beatitudini.$0(OLS)http://semarc/title/424253 850 $aSeMil 852 $aSeMil$W1$xVenegono$y1$m3F VI 390$j215879$B226776$CSeMilBibl$Z2$F226776 $81 961 $aAntonelli don Mario - Omaggio 996 $6020$a978-88-7180-983-0$9(OLS)http://semarc/number/287814 996 $6245$aBeati i poveri in spirito, perché di essi è il regno dei cieli / $9(OLS)http://semarc/title/424254 996 $6264$aTorino :$bLindau$9(OLS)http://semarc/publisher/32348 LEADER 01190nam a2200277 i 4500 001 000000086086 003 CaOOAMICUS 005 20030904000000.0 008 030904s1980 fr u000 u mul u 013 $a58326 020 $a2-204-01691-8 040 $aSeMil$bita 245 10$aHomélies propres à la Collection 3. /$cintroduction, traduction et notes avec le texte grec par Vincent Desprez. 300 $a399 p. 490 0 $aSources Chrétiennes ;$v275 500 $aTesto greco a fronte. - Dalla biblioteca del card. Giovanni Colombo. 700 1 $aDesprez, Vincent.$0(OLS)http://semarc/name/39761 700 1 $aPseudo-Macarius <4. sec.>.$0(OLS)http://semarc/name/4849 773 0 $aPseudo-Macarius <4. sec.>$tOeuvres spirituelles.$dParis : Les Éditions du Cerf, 1980.$g1$w()9836 830 0$aSources chrétiennes ;$v275.$0(OLS)http://semarc/title/72 850 $aSeMil 852 $aSeMil$W1$xVenegono$y1$mSL1.T V 275$j49870$B49870$CSeMilBibl$Z2$F53685 $8I 941 1 $a3 961 $aLascito: Colombo Card. Giovanni 996 $6020$a2-204-01691-8$9(OLS)http://semarc/number/66364 996 $6245$aHomélies propres à la Collection 3.$9(OLS)http://semarc/title/132507